000 00661 a2200169 4500
020 _a9780545600620
020 _a0545600626
041 _aspa
100 _aO'Connor, Jane.
245 _aNancy La elgante Y el ballet de las sirenas / escrito por Jane O'Connor ; illustrado por Robin Preiss Glasser, translated by J.P. Lombana.
260 _aNew York : Scholastic, c2012.
300 _a32 unnumbered pages : color illustrations ;
_c28 cm
500 _a"Scholastic en espaoÌšl"--Cover. Originally published in English as "Fancy Nancy and the mermaid ballet." Ages 4-7.
700 1 _aPreiss-Glasser, Robin
700 1 _aLombana, Juan Pablo
942 _cBK
999 _c10573
_d10573